000 00593nam a2200193Ia 4500
003 GCL
008 140319s9999 xx 000 0 ara d
040 _aGCL /
_cGCL
082 0 4 _a330.121
_bح ا
100 1 _aحسين غانم
245 1 0 _aالاقتصاد الاسلامى طبيعته ومجاله /
_cحسين غانم
260 _a[S.N] :
_bدار الوفاء للطباعة والنشر والتوزيع ،
_c1991
300 _a90 ص
490 _a
650 0 4 _aالاقتصاد
650 0 4 _aالاسلام
650 0 4 _aالاقتصاد الاسلامى
942 _2ddc
_cBK
999 _c43781
_d43781